000 00638nam a2200265Ia 4500
005 20260121170227.0
008 008 260114s9999 xx 000 0 eng d
020 _a9789811068447
037 _aEBOOK
040 _aCRL
040 _beng
040 _cCRL
041 _2eng
041 _aeng
084 _qCRL
100 _aPapia Sengupta
_91061331
245 0 _aLanguage as Identity in Colonial India
260 _bSpringer
260 _bSpringer
260 _c2018
856 _uhttps://link.springer.com/openurl?genre=book&isbn=978-981-10-6844-7
942 _cEBOOK
999 _c1627060
_d1627060